000 00375 a2200169 4500
001 163699
020 _a85-262-1644-9
040 _cMagnum
100 _aVerges, Glória & Oriol
240 1 0 _aA idade média
_lpor
245 1 0 _aA idade média
300 _a32
362 0 _a1991
440 1 _aScipione
697 _aLITERATURA INFANTO-JUVENIL ESTRANGEIRA
942 _cBK
999 _c163699
_d163699